000
00203 a2200097 4500
001
729
100
_a
Henney
245
_a
Electronic components handbook
260
_a
_b
Mcgrawhill
_c
090
_c
325
_d
325
942
_a
NUST-CAE
_c
M
_c
25002
999
_c
235802
_d
235802